7 Thói Quen Của Bạn Trẻ Thành Đạt (2012)

Shranjeno v:
Bibliografske podrobnosti
Glavni avtor: Sean covey
Format: Knjiga
Jezik:Vietnamese
Izdano: TR 2013
Oznake: Označite
Brez oznak, prvi označite!
Thư viện lưu trữ: Mạng thư viện Đại học Đà Nẵng
LEADER 00622nam a2200277 4500
001 000026828
003 88
005 20150204120000.0
008 150204s vm 000 vie
020 |c 60000,0000 
040 |a D1 
100 |a Sean covey 
245 |a 7 Thói Quen Của Bạn Trẻ Thành Đạt (2012) 
260 |b TR  |c 2013 
300 |a 311tr. ; 
OWN |a LTT 
999 |a From the UDN01 
TYP |a Monograph 
TYP |a Printed language 
980 |a Mạng thư viện Đại học Đà Nẵng